Retrouvez les titres des années 2020 - Statistiques

Statistiques générales
  • Ce quiz a été pris 22 fois
  • Le résultat moyen est 9 sur 32
Statistiques - réponses
Date Artiste Réponse % Correct
2024 Rosé, Bruno Mars APT.
77%
2024 Lady Gaga, Bruno Mars Die With A Smile
68%
2022 Harry Styles As It Was
64%
2020 Doja Cat Say So
50%
2019 The Weeknd Blinding Lights
45%
2020 Dua Lipa, DaBaby Levitating
45%
2020 Harry Styles Watermelon Sugar
41%
2025 Doechii Anxiety
36%
2024 Benson Boone Beautiful Things
36%
2024 Kendrick Lamar Not Like Us
36%
2023 Doja Cat Paint the Town Red
36%
2021 The Kid Laroi, Justin Bieber Stay
36%
2021 Lil Nas X MONTERO (Call Me by Your Name)
32%
2024 Jimin Who
32%
2019 Dua Lipa Don't Start Now
23%
2021 Olivia Rodrigo good 4 u
23%
2020 Glass Animals Heat Waves
23%
2024 Kendrick Lamar, SZA luther
23%
2020 The Weeknd Save Your Tears
23%
2022 Sam Smith, Kim Petras Unholy
23%
2023 SZA Kill Bill
18%
2020 24kGoldn, iann dior Mood
18%
2021 Adele Easy on Me
14%
2022 Bad Bunny Titi Me Pregunto
14%
2022 Taylor Swift Anti-Hero
9%
2020 Bad Bunny, Jhay Cortez DAKITI
9%
2023 Jack Harlow Lovin on Me
9%
2023 Jung Kook, Latto Seven
9%
2023 KAROL G, Shakira TQG
9%
2022 Bad Bunny, Chencho Corleone Me Porto Bonito
5%
2024 Hozier Too Sweet
5%
2023 Eslabon Armado, Peso Pluma Ella Baila Sola
0%
Aucun quiz correspondant
Distribution des résultats
% des personnes avec chaque résultat
Percentile par nombre de réponses
Votre historique - résultats
Vous n’avez pas pris ce quiz